[Event "Int. StuttgarterStadtmeisterschaft C"]
[Site "Ditzingen"]
[Date "2019.05.30"]
[Round "2.6"]
[White "Ropertz, Benjamin"]
[Black "Hennicken, Arnold"]
[Result "1-0"]
[WhiteElo "1260"]
[BlackElo "1372"]
[PlyCount "83"]
[EventDate "2019.??.??"]
[WhiteTeam "TSF Ditzingen"]
[BlackTeam "SF Esch e. V."]

1. b4 d5 2. Bb2 e6 3. Nf3 Nf6 4. b5 Be7 5. e3 O-O 6. Be2 b6 7. O-O a6 8. a4
axb5 9. axb5 Rxa1 10. Bxa1 Qd6 11. d4 Ne4 12. Nbd2 Nf6 13. c4 Nbd7 14. Ne5 Bb7
15. Qb3 Qb4 16. Qxb4 Bxb4 17. Ndf3 Ra8 18. Rc1 Bd6 19. h3 Ra2 20. Bd3 Ba3 21.
Bb1 Rxa1 22. Bxh7+ Kxh7 23. Rxa1 Bb4 24. Nxd7 Nxd7 25. Ra7 dxc4 26. Rxb7 Bd6
27. Ra7 Nf6 28. Ne5 c3 29. Ra4 Nd5 30. Rc4 f5 31. Nc6 Ba3 32. Ne5 Bb2 33. Nd3
g5 34. Kf1 Kg6 35. Ke2 Kf6 36. Kd1 Ke7 37. Nb4 Nxb4 38. Rxb4 Kd6 39. Rc4 Kd5
40. Rxc7 Ke4 41. Kc2 Kd5 42. Rc6 1-0

[Event "Int. StuttgarterStadtmeisterschaft C"]
[Site "Ditzingen"]
[Date "2019.05.30"]
[Round "2.7"]
[White "Lin, Jean-Claude"]
[Black "Motzer, Eric"]
[Result "0-1"]
[WhiteElo "1366"]
[BlackElo "1249"]
[PlyCount "82"]
[EventDate "2019.??.??"]
[WhiteTeam "SC Sillenbuch"]
[BlackTeam "SF Nabern"]

1. d4 d5 2. Bg5 c6 3. Nc3 Bf5 4. Nf3 h6 5. Bh4 Nd7 6. e3 Ngf6 7. Bd3 Bxd3 8.
Qxd3 e6 9. a3 Be7 10. Nd2 O-O 11. O-O-O c5 12. Nf3 c4 13. Qe2 Rb8 14. Bg3 Ra8
15. Ne5 a6 16. f3 Qc8 17. e4 Re8 18. Bf2 b5 19. Kd2 b4 20. axb4 Bxb4 21. Rb1
Qc7 22. f4 Nxe4+ 23. Ke3 Bxc3 24. Be1 Bxe1 25. Qxe1 Nxe5 26. fxe5 Qe7 27. h4 a5
28. g4 a4 29. Ra1 Reb8 30. g5 hxg5 31. Rg1 gxh4 32. Rg4 g5 33. Kf3 Kf8 34. Kg2
Rxb2 35. Rc1 a3 36. Rxe4 dxe4 37. Qxe4 Ra6 38. Kg1 a2 39. Qh7 Ke8 40. Qg8+ Qf8
41. Qxg5 a1=Q 0-1

[Event "Int. StuttgarterStadtmeisterschaft C"]
[Site "Ditzingen"]
[Date "2019.05.30"]
[Round "2.8"]
[White "Fischer, Uta"]
[Black "Winterkorn, Nikolaus"]
[Result "1/2-1/2"]
[WhiteElo "1250"]
[BlackElo "1358"]
[PlyCount "98"]
[EventDate "2019.??.??"]
[WhiteTeam "SC Aidlingen"]
[BlackTeam "DJK Sportbund Stgt."]

1. e4 e5 2. Nf3 d6 3. h3 Nf6 4. Nc3 h6 5. Bc4 Bd7 6. d3 Nc6 7. a3 a6 8. Be3 Na5
9. Ba2 c5 10. O-O Be7 11. Qd2 O-O 12. Nd5 Nxd5 13. exd5 b6 14. b4 Nb7 15. c4
Bf6 16. Rab1 Qc7 17. Bb3 Bf5 18. Bc2 Rfe8 19. Nh2 Rab8 20. Ng4 Bxg4 21. hxg4
Qd8 22. g3 Qd7 23. f3 Be7 24. Kg2 g5 25. Rh1 Kg7 26. Qd1 Rh8 27. Rh5 Qd8 28.
Rh2 Qd7 29. Ba4 Qc8 30. f4 f6 31. fxg5 hxg5 32. Rxh8 Qxh8 33. Qh1 Qxh1+ 34.
Rxh1 Rh8 35. Rxh8 Kxh8 36. Bd7 Nd8 37. Bc8 a5 38. bxa5 bxa5 39. Bd2 Kg7 40.
Bxa5 Kf7 41. Bxd8 Bxd8 42. Kf3 Ke7 43. a4 Ba5 44. Ba6 Kf7 45. Bb5 Ke7 46. Bc6
Kf7 47. Bd7 Ke7 48. Be6 Be1 49. Ke4 Bb4 1/2-1/2

[Event "Int. StuttgarterStadtmeisterschaft C"]
[Site "Ditzingen"]
[Date "2019.05.30"]
[Round "2.9"]
[White "Käfer, Hermann"]
[Black "Wolff, Calvin"]
[Result "1/2-1/2"]
[WhiteElo "1337"]
[BlackElo "1181"]
[PlyCount "89"]
[EventDate "2019.??.??"]
[WhiteTeam "SC Ostfildern"]
[BlackTeam "Heilbronner SV"]

1. Nf3 d5 2. e3 e6 3. b3 Be7 4. Bb2 Nf6 5. Nc3 Ne4 6. d3 Nxc3 7. Bxc3 O-O 8.
Be2 Nc6 9. a3 Bf6 10. d4 Re8 11. Ne5 Qd6 12. f4 a6 13. O-O Qd8 14. Rf3 g6 15.
Bd3 Ne7 16. Rg3 Nf5 17. Bxf5 exf5 18. Qf3 a5 19. a4 Qd6 20. Re1 c5 21. Qe2 b6
22. Bb2 Ba6 23. c4 dxc4 24. bxc4 cxd4 25. Bxd4 Qb4 26. Nd3 Qxc4 27. Bxf6 Qxd3
28. Qb2 Qe4 29. Bg5 Qb4 30. Qa1 Rac8 31. Bh6 Qc3 32. Qxc3 Rxc3 33. Bg5 b5 34.
Bf6 Rb3 35. axb5 Bxb5 36. Bd4 a4 37. Rf3 Rd3 38. Rb1 Rb3 39. Ra1 Ra8 40. e4
Rxf3 41. gxf3 a3 42. Rc1 a2 43. Kf2 Kf8 44. Ke3 Ke7 45. Ba1 1/2-1/2

[Event "Int. StuttgarterStadtmeisterschaft C"]
[Site "Ditzingen"]
[Date "2019.05.30"]
[Round "2.10"]
[White "Hertlein, Markus"]
[Black "Maier, Manuel"]
[Result "0-1"]
[WhiteElo "1227"]
[BlackElo "1334"]
[PlyCount "100"]
[EventDate "2019.??.??"]
[WhiteTeam "SF 90 Spraitbach"]
[BlackTeam "SV Reutlingen"]

1. e4 c5 2. Nf3 a6 3. d4 cxd4 4. Nxd4 e5 5. Nb3 Nf6 6. f3 Nc6 7. Be3 d6 8. Nc3
Be7 9. Qd2 Be6 10. Nd5 Nd7 11. Nxe7 Qxe7 12. O-O-O Nc5 13. Qxd6 Nxb3+ 14. axb3
Qf6 15. Bc4 Rd8 16. Qc7 Bxc4 17. Rxd8+ Nxd8 18. bxc4 O-O 19. Rd1 h6 20. g3 Qxf3
21. Bb6 Nc6 22. Qxb7 Qxe4 23. b3 Qg6 24. Bc5 Nd8 25. Qd7 Ne6 26. Bb4 Rb8 27.
Bc3 Qf5 28. Qd6 Rd8 29. Qxe5 Rxd1+ 30. Kxd1 Qf3+ 31. Kd2 Qg4 32. b4 Qxc4 33.
Qe2 Qc6 34. Qe5 f6 35. Qe3 Ng5 36. Kd3 Qb5+ 37. Kd2 Qd5+ 38. Ke2 Qg2+ 39. Kd3
Qxh2 40. Be1 Qg2 41. c4 Qc6 42. Bc3 Kh7 43. Qc5 Qd7+ 44. Bd4 Qg4 45. Qa7 Qxg3+
46. Be3 Qd6+ 47. Kc3 Ne4+ 48. Kb3 Qd3+ 49. Ka4 Qxc4 50. Bd4 Qa2# 0-1

[Event "Int. StuttgarterStadtmeisterschaft C"]
[Site "Ditzingen"]
[Date "2019.05.30"]
[Round "2.11"]
[White "Stockburger, Marius"]
[Black "Sharp, David"]
[Result "0-1"]
[WhiteElo "1332"]
[BlackElo "1148"]
[PlyCount "44"]
[EventDate "2019.??.??"]
[WhiteTeam "SF Freiberg"]
[BlackTeam "Stuttgarter SF 1879"]

1. e4 d5 2. e5 c5 3. b4 c4 4. f4 e6 5. a3 Nc6 6. Nf3 b5 7. d3 Bb7 8. Bb2 Qb6 9.
dxc4 dxc4 10. Bd4 Nxd4 11. Nxd4 Rd8 12. c3 Ne7 13. Nd2 Nc6 14. N2f3 Be7 15. Qc2
O-O 16. h4 Nxd4 17. cxd4 Bxf3 18. gxf3 Rxd4 19. Rg1 Bxh4+ 20. Ke2 Rd3 21. Rxg7+
Kxg7 22. Qc1 Qf2# 0-1

[Event "Int. StuttgarterStadtmeisterschaft C"]
[Site "Ditzingen"]
[Date "2019.05.30"]
[Round "2.12"]
[White "Eid, Sami"]
[Black "Polarczyk, Thomas"]
[Result "1/2-1/2"]
[WhiteElo "1189"]
[BlackElo "1326"]
[PlyCount "120"]
[EventDate "2019.??.??"]
[WhiteTeam "SF Freiberg"]
[BlackTeam "SV Leonberg"]

1. e4 c5 2. Nc3 d6 3. Nf3 Nf6 4. h3 e6 5. d4 cxd4 6. Qxd4 a6 7. Bg5 Be7 8. Bc4
Nc6 9. Qd2 Qc7 10. O-O Na5 11. Bb3 Nxb3 12. axb3 O-O 13. Rfd1 Rd8 14. Qd4 Qc6
15. Bxf6 Bxf6 16. e5 Be7 17. exd6 Rxd6 18. Qf4 b5 19. Ne5 Qe8 20. Rxd6 Bxd6 21.
Qe4 Rb8 22. Rd1 Bb7 23. Qe3 Bxe5 24. Qxe5 Rd8 25. Rxd8 Qxd8 26. Kh2 h6 27. g4
Qc8 28. f4 Qc6 29. Qe2 Qh1+ 30. Kg3 Qg1+ 31. Kh4 g6 32. g5 hxg5+ 33. fxg5 Qd4+
34. Qg4 Qf2+ 35. Qg3 Qd4+ 36. Qg4 Qf2+ 37. Qg3 Qxg3+ 38. Kxg3 Kf8 39. Kf4 Ke7
40. Ke5 Bg2 41. h4 Bh3 42. Kd4 Bf5 43. Kc5 Bxc2 44. b4 Bd3 45. Kb6 Kd7 46. Kc5
Bc4 47. Kd4 Ke7 48. Ke5 Bd3 49. Kd4 Bf5 50. Ke5 Bh3 51. Ne4 Bg2 52. Nc5 Bf1 53.
Nxa6 Bc4 54. Nc5 Bd5 55. Nd3 Bc4 56. Nf2 Bd5 57. Nd1 Bb3 58. Nf2 Bd5 59. Nd1
Bb3 60. Nc3 Bc4 1/2-1/2

[Event "Int. StuttgarterStadtmeisterschaft C"]
[Site "Ditzingen"]
[Date "2019.05.30"]
[Round "2.13"]
[White "Heel, Lorenzo"]
[Black "Lang, Justus"]
[Result "1-0"]
[WhiteElo "1146"]
[BlackElo "1305"]
[PlyCount "87"]
[EventDate "2019.??.??"]
[WhiteTeam "SF Pfullingen"]
[BlackTeam "SK e4 Gerlingen"]

1. d4 d5 2. Nc3 Nc6 3. Bf4 Bf5 4. Nb5 e5 5. Bxe5 Nxe5 6. dxe5 c6 7. Nd4 Ne7 8.
Ngf3 g6 9. Nxf5 Nxf5 10. Nd4 Qg5 11. Nxf5 Qxf5 12. Qd4 Bg7 13. O-O-O Bxe5 14.
Qb4 Rb8 15. f3 Qf6 16. e3 a5 17. Qb3 O-O 18. a4 d4 19. exd4 Bxd4 20. Bc4 Rfc8
21. Bxf7+ Kg7 22. Bc4 b5 23. axb5 cxb5 24. Be6 Rc7 25. c3 b4 26. Rhe1 Bxc3 27.
Re4 Bxb2+ 28. Kb1 Ba1 29. Qa2 Be5 30. Qxa5 Bxh2 31. Rd7+ Rxd7 32. Bxd7 Qd6 33.
Qa1+ Kf8 34. Qh8+ Kf7 35. Qxh7+ Kf6 36. Re6+ Qxe6 37. Bxe6 Kxe6 38. Qxh2 Rd8
39. Qh3+ Kf7 40. Qg4 b3 41. Qc4+ Kg7 42. Qxb3 Kh6 43. Qe3+ g5 44. Qb6+ 1-0

[Event "Int. StuttgarterStadtmeisterschaft C"]
[Site "Ditzingen"]
[Date "2019.05.30"]
[Round "2.14"]
[White "Hilger, Herbert"]
[Black "Herbert, Arik Jens"]
[Result "1-0"]
[WhiteElo "1303"]
[BlackElo "1022"]
[PlyCount "119"]
[EventDate "2019.??.??"]
[WhiteTeam "SV Stuttgart-Wolfbusch"]
[BlackTeam "SC Feuerbach e. V."]

1. e4 e5 2. Nf3 Nc6 3. Bb5 Nf6 4. d3 d6 5. c3 Bd7 6. O-O Be7 7. h3 O-O 8. Be3
a6 9. Ba4 b5 10. Bb3 Na5 11. Bc2 c5 12. d4 cxd4 13. cxd4 Nc4 14. b3 Nxe3 15.
fxe3 Bc6 16. d5 Bb7 17. Nc3 Qb6 18. Qd2 Qc5 19. Rac1 Bd8 20. Rfe1 Ba5 21. Bd3
Qb6 22. Qb2 Rac8 23. b4 Bxb4 24. Qxb4 a5 25. Qxb5 Qa7 26. Qb2 Ba6 27. Bxa6 Qxa6
28. Qb5 Qa8 29. Nd2 Rb8 30. Qd3 Rfc8 31. Rb1 a4 32. Rxb8 Rxb8 33. Rb1 a3 34.
Rxb8+ Qxb8 35. Qb5 Qc8 36. Ndb1 h6 37. Qc6 Qb8 38. Qb5 Qa7 39. Kf2 Qc7 40. Kf3
g5 41. Qc6 Qa5 42. Qc8+ Kg7 43. Qb8 Nd7 44. Qxd6 Nb6 45. Qxe5+ f6 46. Qe7+ Kg8
47. Qxf6 Na4 48. d6 Nxc3 49. Qxc3 Qb6 50. Qc8+ Kf7 51. Qc7+ Qxc7 52. dxc7 g4+
53. Kxg4 h5+ 54. Kxh5 Ke7 55. c8=Q Kf7 56. Qc6 Ke7 57. Kg6 Kd8 58. Qb7 Ke8 59.
Qc7 Kf8 60. Qd8# 1-0

[Event "Int. StuttgarterStadtmeisterschaft C"]
[Site "Ditzingen"]
[Date "2019.05.30"]
[Round "2.15"]
[White "Wohlgemuth, Wolfgang"]
[Black "Laun, Hauke"]
[Result "1-0"]
[WhiteElo "1123"]
[BlackElo "1299"]
[PlyCount "59"]
[EventDate "2019.??.??"]
[WhiteTeam "TG Biberach"]
[BlackTeam "SF Pfullingen"]

1. d4 Nf6 2. c4 e6 3. Nc3 Bb4 4. Bg5 O-O 5. e4 h6 6. Bxf6 Qxf6 7. Nf3 Nc6 8. e5
Qd8 9. Bd3 Ne7 10. O-O Bxc3 11. bxc3 b6 12. Qc2 Bb7 13. Rfe1 Bxf3 14. gxf3 g6
15. Kh1 Nf5 16. Rg1 Kh7 17. Rg2 Rg8 18. Rag1 Rg7 19. d5 Qe7 20. f4 Rag8 21. Be4
Qc5 22. Qd3 a5 23. Qe2 Qa3 24. Qd2 d6 25. f3 Qc5 26. Qe2 Ne3 27. Rg3 Nxc4 28.
dxe6 fxe6 29. Rxg6 Qxg1+ 30. Rxg1+ 1-0

[Event "Int. StuttgarterStadtmeisterschaft C"]
[Site "Ditzingen"]
[Date "2019.05.30"]
[Round "2.16"]
[White "Wilczek, Daniel"]
[Black "Wippermann, Tim"]
[Result "1/2-1/2"]
[WhiteElo "1286"]
[BlackElo "908"]
[PlyCount "42"]
[EventDate "2019.??.??"]
[WhiteTeam "SV Backnang"]
[BlackTeam "SF Freiberg"]

1. d4 d5 2. e3 Nf6 3. Bd3 e6 4. c3 c5 5. b3 Nc6 6. Nd2 b6 7. f4 Bb7 8. Ngf3 Bd6
9. Ne5 O-O 10. O-O Nd7 11. Qc2 g6 12. Ndf3 Ndxe5 13. fxe5 Bc7 14. Bd2 a6 15.
Be1 Qd7 16. Qf2 Bd8 17. Qg3 Kg7 18. Qf4 f5 19. Bh4 Bxh4 20. Qxh4 h6 21. Nd2 Rh8
1/2-1/2

[Event "Int. StuttgarterStadtmeisterschaft C"]
[Site "Ditzingen"]
[Date "2019.05.30"]
[Round "2.20"]
[White "Limbeck, Marcus"]
[Black "Klebba, Adrian"]
[Result "0-1"]
[WhiteElo "1041"]
[BlackElo "1457"]
[PlyCount "82"]
[EventDate "2019.??.??"]
[WhiteTeam "SC 1926 Leimen"]
[BlackTeam "SV Altbach"]

1. f4 d5 2. e3 Nf6 3. Nf3 Bg4 4. Be2 e6 5. d4 c5 6. c3 Nc6 7. Nbd2 Be7 8. O-O
O-O 9. Ne5 Bxe2 10. Qxe2 c4 11. Ndf3 Ne4 12. Nd2 Nxe5 13. fxe5 Nxd2 14. Bxd2 b5
15. a3 a5 16. Qh5 Qb6 17. Rf3 b4 18. axb4 f6 19. Be1 axb4 20. Rxa8 Rxa8 21.
cxb4 f5 22. g4 g6 23. Qh3 fxg4 24. Qxg4 Ra1 25. Kf2 Kg7 26. h4 Bxb4 27. Bxb4
Qxb4 28. Kg2 Qxb2+ 29. Rf2 Qc1 30. Kf3 Qd1+ 31. Kf4 Qxg4+ 32. Kxg4 Rg1+ 33. Kh3
Re1 34. Kg2 Rxe3 35. Rf6 Re4 36. Rxe6 Rxd4 37. Rc6 Re4 38. e6 Kf6 39. Rc5 Kxe6
40. Rc6+ Ke5 41. Rc7 Rxh4 0-1

[Event "Int. StuttgarterStadtmeisterschaft C"]
[Site "Ditzingen"]
[Date "2019.05.31"]
[Round "3.1"]
[White "Motzer, Eric"]
[Black "Izquierdo, Antonio"]
[Result "0-1"]
[WhiteElo "1249"]
[BlackElo "1409"]
[PlyCount "58"]
[EventDate "2019.??.??"]
[WhiteTeam "SF Nabern"]
[BlackTeam "TSF Ditzingen"]

1. e4 e6 2. d4 d5 3. exd5 exd5 4. Nf3 Nf6 5. Bd3 Bd6 6. O-O Nc6 7. Re1+ Ne7 8.
Bg5 Be6 9. Bxf6 gxf6 10. a3 Qd7 11. b4 h5 12. a4 Bxb4 13. c3 Bd6 14. Qb3 c6 15.
Nbd2 Rg8 16. Rab1 Rb8 17. c4 dxc4 18. Bxc4 Bxc4 19. Qxc4 Qg4 20. g3 h4 21. Ne4
Qxf3 22. Nxd6+ Kd7 23. Re3 Qd5 24. Qc5 Qxd6 25. Qxa7 Kc8 26. Rc3 h3 27. a5 Qd5
28. f3 Qa2 29. Rxc6+ Nxc6 0-1

[Event "Int. StuttgarterStadtmeisterschaft C"]
[Site "Ditzingen"]
[Date "2019.05.31"]
[Round "3.2"]
[White "Martin, Peter"]
[Black "Ropertz, Benjamin"]
[Result "1-0"]
[WhiteElo "1390"]
[BlackElo "1260"]
[PlyCount "83"]
[EventDate "2019.??.??"]
[WhiteTeam "SC Wittlich 1947"]
[BlackTeam "TSF Ditzingen"]

1. e4 a6 2. d4 b5 3. c4 b4 4. Nf3 Bb7 5. Bd3 e6 6. O-O Be7 7. a3 Nf6 8. Re1 d5
9. e5 Ne4 10. Nfd2 Nxd2 11. Qxd2 dxc4 12. Bxc4 a5 13. Qd3 Bg5 14. Nd2 O-O 15.
Ne4 Bxc1 16. Raxc1 Nd7 17. Re3 h6 18. Rg3 Qh4 19. Re1 Nb6 20. Bb3 Nd7 21. Ree3
Qe7 22. Bc2 g6 23. Rg4 h5 24. Rf4 Bxe4 25. Qxe4 Nb6 26. Rg3 Kh8 27. a4 Nd5 28.
Rh4 f5 29. exf6 Nxf6 30. Qxg6 Qh7 31. Qxh7+ Nxh7 32. Rxh5 Rf7 33. Rgh3 Rd8 34.
Rxh7+ Rxh7 35. Rxh7+ Kg8 36. h4 Rxd4 37. Rxc7 Rxh4 38. b3 Rh5 39. g4 Re5 40.
Kg2 Re2 41. Bd3 Rd2 42. Bc4 1-0

[Event "Int. StuttgarterStadtmeisterschaft C"]
[Site "Ditzingen"]
[Date "2019.05.31"]
[Round "3.3"]
[White "Sharp, David"]
[Black "Kandler, Christoph"]
[Result "0-1"]
[WhiteElo "1148"]
[BlackElo "1385"]
[PlyCount "68"]
[EventDate "2019.??.??"]
[WhiteTeam "Stuttgarter SF 1879"]
[BlackTeam "SF Nabern"]

1. e4 e5 2. Nf3 f5 3. exf5 e4 4. Ng1 Nf6 5. d3 exd3 6. Bxd3 d5 7. b3 Bb4+ 8. c3
Bc5 9. Nf3 Nc6 10. b4 Bb6 11. b5 Ne7 12. O-O Bxf5 13. Bxf5 Nxf5 14. Bg5 O-O 15.
Qb3 Qd6 16. Nbd2 Kh8 17. Bxf6 Rxf6 18. c4 c6 19. Rfe1 Nd4 20. Nxd4 Bxd4 21. Qg3
Qb4 22. Nf3 Bc3 23. bxc6 bxc6 24. Rab1 Qxc4 25. Rb8+ Rf8 26. Rxa8 Rxa8 27. Rb1
Rg8 28. Ng5 h6 29. Nf7+ Kh7 30. h4 Bf6 31. Ng5+ Bxg5 32. hxg5 Qe4 33. gxh6
Qxb1+ 34. Kh2 Qg6 0-1

[Event "Int. StuttgarterStadtmeisterschaft C"]
[Site "Ditzingen"]
[Date "2019.05.31"]
[Round "3.4"]
[White "Maier, Manuel"]
[Black "Heel, Lorenzo"]
[Result "0-1"]
[WhiteElo "1334"]
[BlackElo "1146"]
[PlyCount "72"]
[EventDate "2019.??.??"]
[WhiteTeam "SV Reutlingen"]
[BlackTeam "SF Pfullingen"]

1. e4 c5 2. Nc3 d6 3. f4 Nc6 4. Nf3 Nf6 5. Bc4 Bg4 6. d3 Qd7 7. Bb5 O-O-O 8.
O-O g6 9. Nd5 Bg7 10. Bxc6 bxc6 11. Ne3 Bxf3 12. Qxf3 e6 13. Nc4 d5 14. Ne5 Qc7
15. Re1 Rhf8 16. Rb1 Nd7 17. Nxd7 Rxd7 18. e5 Qa5 19. Be3 d4 20. Bf2 Kc7 21. a3
Qd2 22. Re2 Qa5 23. Be1 Qb5 24. a4 Qxa4 25. b4 Rb8 26. c3 dxc3 27. Bxc3 cxb4
28. Re4 Qc2 29. Rc4 Qxb1+ 30. Kf2 bxc3 31. Qxc6+ Kd8 32. Rxc3 Qb6+ 33. Qxb6+
Rxb6 34. Kf3 Rbd6 35. Ke3 Rd4 36. g3 f6 0-1

[Event "Int. StuttgarterStadtmeisterschaft C"]
[Site "Ditzingen"]
[Date "2019.05.31"]
[Round "3.6"]
[White "Hoffmann, Simon"]
[Black "Wohlgemuth, Wolfgang"]
[Result "0-1"]
[WhiteElo "1285"]
[BlackElo "1123"]
[PlyCount "82"]
[EventDate "2019.??.??"]
[WhiteTeam "Schach-Kids Bernhausen"]
[BlackTeam "TG Biberach"]

1. e4 e6 2. d4 c6 3. Nf3 Nf6 4. Bd3 h6 5. Be3 d5 6. e5 Ne4 7. Bxe4 dxe4 8. Nfd2
f5 9. Qh5+ Kd7 10. Nb3 Kc7 11. Nc5 b6 12. Nb3 Ba6 13. N1d2 Be7 14. Qf7 Rf8 15.
Qxg7 f4 16. Bxf4 Rxf4 17. Qxh6 Bg5 18. Qxe6 Qd7 19. Qg6 Qf5 20. Qxf5 Rxf5 21.
Nxe4 Be7 22. O-O-O Bc4 23. Nbd2 Bd5 24. b3 Na6 25. c4 Ba3+ 26. Kb1 Bf7 27. g4
Rf4 28. f3 Rd8 29. Ng5 Bg6+ 30. Ka1 Rfxd4 31. Ne6+ Kc8 32. Nxd8 Rxd8 33. f4 Bd3
34. Nf1 Nb4 35. Ne3 Rd4 36. f5 Re4 37. Rhe1 Rxe3 38. Rxe3 Nc2+ 39. Kb1 Nxe3+
40. Ka1 Nxd1 41. e6 Bb2# 0-1

[Event "Int. StuttgarterStadtmeisterschaft C"]
[Site "Ditzingen"]
[Date "2019.05.31"]
[Round "3.7"]
[White "BalÃ³, Levente"]
[Black "DÃ¶rr, Florian"]
[Result "1/2-1/2"]
[WhiteElo "1251"]
[BlackElo "1493"]
[PlyCount "74"]
[EventDate "2019.??.??"]
[WhiteTeam "SK Sachsenheim"]
[BlackTeam "SC Ostfildern"]

1. e4 b6 2. d4 Bb7 3. Nc3 e6 4. a3 c5 5. Nf3 Nf6 6. e5 Nd5 7. Bc4 Nxc3 8. bxc3
d6 9. O-O Nd7 10. Re1 Be7 11. Bf4 Qc7 12. d5 dxe5 13. Bxe5 Nxe5 14. Nxe5 Rd8
15. Bb5+ Kf8 16. Qh5 Bf6 17. dxe6 Bxe5 18. Rxe5 Qe7 19. exf7 Qxf7 20. Qxf7+
Kxf7 21. Rae1 Bc8 22. Re7+ Kf6 23. Rxa7 Rd6 24. f3 Be6 25. Re4 Rb8 26. Bd3 b5
27. c4 b4 28. Re2 b3 29. cxb3 Rxd3 30. Ra6 Re8 31. Rb2 Red8 32. b4 R8d6 33.
Rxd6 Rxd6 34. bxc5 Rc6 35. Rb5 h6 36. Kf2 Ke5 37. Ke3 Bxc4 1/2-1/2

[Event "Int. StuttgarterStadtmeisterschaft C"]
[Site "Ditzingen"]
[Date "2019.05.31"]
[Round "3.8"]
[White "Schmidt, Victor"]
[Black "Konz, Andreas"]
[Result "1-0"]
[WhiteElo "1461"]
[BlackElo "1273"]
[PlyCount "75"]
[EventDate "2019.??.??"]
[WhiteTeam "SK e4 Gerlingen"]
[BlackTeam "SC Ingersheim e.V."]

1. e4 d6 2. d4 Nf6 3. Nc3 c6 4. Nf3 Bg4 5. Be2 Bxf3 6. Bxf3 Nbd7 7. O-O e5 8.
Re1 Be7 9. d5 Qc7 10. Bg5 O-O 11. a4 a5 12. Qd3 Nc5 13. Qd1 Ra6 14. Qd2 Rb8 15.
Red1 b5 16. axb5 cxb5 17. Bxf6 Bxf6 18. Be2 Qd7 19. f3 Ra7 20. b4 axb4 21. Nxb5
Rxa1 22. Rxa1 g6 23. Ra7 Rb7 24. Rxb7 Nxb7 25. Qxb4 Nc5 26. c4 Bg5 27. Qa3 f5
28. exf5 Be3+ 29. Qxe3 gxf5 30. Qg5+ Kh8 31. Qf6+ Kg8 32. Qxd6 Qc8 33. Qxe5 Qa8
34. Qf6 Qe8 35. Kf2 Qc8 36. Nd6 Qc7 37. Nxf5 Qa7 38. Ne7+ 1-0

[Event "Int. StuttgarterStadtmeisterschaft C"]
[Site "Ditzingen"]
[Date "2019.05.31"]
[Round "3.9"]
[White "Klebba, Adrian"]
[Black "KrÃ¤mer, Heiko"]
[Result "1-0"]
[WhiteElo "1457"]
[BlackElo "1282"]
[PlyCount "63"]
[EventDate "2019.??.??"]
[WhiteTeam "SV Altbach"]
[BlackTeam "SC Ostfildern 1952 e.V."]

1. d4 d5 2. c4 e6 3. Nc3 Bb4 4. Qa4+ Nc6 5. e3 Nf6 6. Nf3 O-O 7. Bd2 Ne4 8.
Nxe4 Bxd2+ 9. Nexd2 a6 10. cxd5 exd5 11. Bd3 b5 12. Bxb5 Ne7 13. Bd3 Qd7 14.
Qxd7 Bxd7 15. O-O Rfc8 16. Rfc1 Bb5 17. Bxb5 axb5 18. Rc5 c6 19. Ne5 f6 20. Nd3
Kf7 21. Nb4 Ke6 22. Rac1 Kd6 23. g4 g6 24. Kg2 Ra7 25. Kg3 g5 26. f4 h6 27.
fxg5 hxg5 28. Rf1 Ke6 29. Nb3 Raa8 30. Rc2 Rf8 31. Nc5+ Kf7 32. Nd7 1-0

[Event "Int. StuttgarterStadtmeisterschaft C"]
[Site "Ditzingen"]
[Date "2019.05.31"]
[Round "3.10"]
[White "Dietrich, Malte"]
[Black "Fischer, Uta"]
[Result "1-0"]
[WhiteElo "1382"]
[BlackElo "1250"]
[PlyCount "104"]
[EventDate "2019.??.??"]
[WhiteTeam "SV Dettingen Erms"]
[BlackTeam "SC Aidlingen"]

1. c4 Nf6 2. Nc3 e5 3. g3 c6 4. Bg2 Bc5 5. Qc2 d6 6. e3 Be6 7. b3 Nbd7 8. Nge2
O-O 9. d4 exd4 10. exd4 Bb4 11. a3 Bxc3+ 12. Qxc3 d5 13. O-O Ne4 14. Qd3 Ndf6
15. f3 dxc4 16. bxc4 Nd6 17. c5 Bc4 18. Qc2 Bxe2 19. Qxe2 Nf5 20. Rd1 h6 21.
Qd3 Ne7 22. Rb1 b6 23. cxb6 axb6 24. f4 Ned5 25. Re1 Re8 26. Rxe8+ Qxe8 27. Bd2
Qe7 28. Ra1 b5 29. h3 Re8 30. Re1 Qd7 31. Re5 Re6 32. g4 Rxe5 33. dxe5 Ne8 34.
Bxd5 Qxd5 35. Qxd5 cxd5 36. Bb4 f6 37. Kf2 Nc7 38. Ke3 fxe5 39. fxe5 Kf7 40.
Kd4 Ke6 41. Bd6 Na6 42. h4 g6 43. h5 gxh5 44. gxh5 Kd7 45. Kxd5 Nc7+ 46. Bxc7
Kxc7 47. Kc5 Kd7 48. Kxb5 Ke6 49. a4 Kxe5 50. a5 Kf5 51. a6 Kg5 52. a7 Kxh5 1-0

[Event "Int. StuttgarterStadtmeisterschaft C"]
[Site "Ditzingen"]
[Date "2019.05.31"]
[Round "3.11"]
[White "Winterkorn, Nikolaus"]
[Black "Eid, Sami"]
[Result "1-0"]
[WhiteElo "1358"]
[BlackElo "1189"]
[PlyCount "84"]
[EventDate "2019.??.??"]
[WhiteTeam "DJK Sportbund Stgt."]
[BlackTeam "SF Freiberg"]

1. Nf3 Nc6 2. d4 d5 3. e3 Bg4 4. Be2 Nf6 5. Nbd2 e6 6. O-O Bd6 7. h3 Bxf3 8.
Bxf3 Qe7 9. c4 b6 10. b3 Na5 11. Bb2 c5 12. cxd5 exd5 13. Rc1 Nc6 14. dxc5 bxc5
15. Bxf6 Qxf6 16. Bxd5 Qe5 17. Bxc6+ Ke7 18. Nf3 Qf6 19. Bxa8 Rxa8 20. Qd5 Rd8
21. Rfd1 Bh2+ 22. Nxh2 Rxd5 23. Rxd5 Qb2 24. Rdxc5 Qxa2 25. b4 a5 26. Nf3 Qb3
27. R5c4 Qb2 28. Nd4 h6 29. Nc6+ Kd6 30. Rd1+ Kc7 31. Ne5+ Kb6 32. Nxf7 Qb3 33.
Rcd4 Qxf7 34. Rd6+ Kb5 35. R6d4 Qe6 36. Ra1 Qb6 37. Rd5+ Kc6 38. Rc5+ Kb7 39.
Rc4 g5 40. bxa5 Qxa5 41. Rd1 Qe5 42. Rb1+ Ka7 1-0

[Event "Int. StuttgarterStadtmeisterschaft C"]
[Site "Ditzingen"]
[Date "2019.05.31"]
[Round "3.12"]
[White "Burkert, Rolf"]
[Black "KÃ¤fer, Hermann"]
[Result "0-1"]
[WhiteElo "1206"]
[BlackElo "1337"]
[PlyCount "68"]
[EventDate "2019.??.??"]
[WhiteTeam "SK e4 Gerlingen"]
[BlackTeam "SC Ostfildern"]

1. d4 d5 2. Nf3 e6 3. e3 c5 4. dxc5 Bxc5 5. c3 Bd7 6. Bd3 Nc6 7. Nbd2 Nf6 8.
O-O e5 9. e4 dxe4 10. Nxe4 Nxe4 11. Bxe4 Qc7 12. Qc2 O-O-O 13. Rd1 g6 14. Qe2
Bg4 15. h3 Rxd1+ 16. Qxd1 Rd8 17. Qe2 Bxf3 18. Qxf3 f5 19. Bxc6 Qxc6 20. Qxc6+
bxc6 21. Be3 Bxe3 22. fxe3 Rd2 23. Rb1 g5 24. Kf1 Kd7 25. g4 f4 26. exf4 exf4
27. a4 h6 28. b4 Rc2 29. Rd1+ Ke6 30. Rd3 Ke5 31. b5 cxb5 32. axb5 Ke4 33. Rd1
Rxc3 34. Re1+ Kf3 0-1

[Event "Int. StuttgarterStadtmeisterschaft C"]
[Site "Ditzingen"]
[Date "2019.05.31"]
[Round "3.13"]
[White "Polarczyk, Thomas"]
[Black "Wippermann, Tim"]
[Result "1/2-1/2"]
[WhiteElo "1326"]
[BlackElo "908"]
[PlyCount "65"]
[EventDate "2019.??.??"]
[WhiteTeam "SV Leonberg"]
[BlackTeam "SF Freiberg"]

1. e4 e5 2. Nf3 Nc6 3. Bc4 h6 4. O-O Nf6 5. Re1 Bc5 6. c3 a6 7. d4 exd4 8. cxd4
Ba7 9. Nc3 O-O 10. d5 Ne7 11. h3 d6 12. Be3 Bxe3 13. Rxe3 c6 14. e5 dxe5 15. d6
Nf5 16. Rxe5 Nxd6 17. Bb3 Re8 18. Rxe8+ Nfxe8 19. Qd2 Qf6 20. Re1 Be6 21. Bxe6
fxe6 22. Ne4 Nxe4 23. Rxe4 Qf5 24. Rf4 Qd5 25. Rd4 Qxa2 26. Rd7 b5 27. Rd8 Rxd8
28. Qxd8 Kf8 29. Ne5 Qd5 30. Ng6+ Kf7 31. Nh8+ Kf8 32. Ng6+ Kf7 33. Nh8+
1/2-1/2

[Event "Int. StuttgarterStadtmeisterschaft C"]
[Site "Ditzingen"]
[Date "2019.05.31"]
[Round "3.14"]
[White "Wolff, Calvin"]
[Black "Wilczek, Daniel"]
[Result "1-0"]
[WhiteElo "1181"]
[BlackElo "1286"]
[PlyCount "14"]
[EventDate "2019.??.??"]
[WhiteTeam "Heilbronner SV"]
[BlackTeam "SV Backnang"]

1. e4 d5 2. exd5 Qxd5 3. Nf3 (3. Nc3 Qd6 4. d4 Nf6 5. g3 c6 6. Bf4 Qd8 7. Bg2
Bf5 8. Nf3 e6 9. O-O Be7 10. Nh4 Bg4 11. Qd3 Nd5 12. Nxd5 cxd5 13. Nf3 Nc6 14.
a3 Qb6 15. Be3 Bf5 16. Qc3 O-O 17. Ne5 Nxe5 18. dxe5 Rfc8 19. Bxb6 Rxc3 20.
bxc3 axb6 21. Rfc1 g6 22. a4 Rc8 23. Rab1 Ba3 24. Re1 Bc5 25. Rb5 Bxc2 26. a5
Ba4 27. Rbb1 bxa5 28. Rxb7 Ra8 29. c4 Bc6 30. Rc7 Bb4 31. Ra1 Ra6 32. cxd5 exd5
33. Bh3 d4 34. Rc1 Bf3 35. Bg2 Be2 36. Bf1 d3 37. R7c2 Bxf1 38. Rc8+ Kg7 39.
Rxf1 a4 40. Ra1 a3 41. Rc4 Be7 42. Rd4 a2 43. Rxd3 Bc5 44. Rd2 Bb4 45. Rdxa2)
3... Qd6 4. d4 Nf6 5. g3 c6 6. Bf4 Qd8 7. Bg2 Bf5 1-0